00903nam a22002177a 450000500170000001000150001702000270003203500140005903700090007308200120008224500890009426000590018327001170024230000350035949000110039470000300040570000350043594200260047099900190049695201700051520240909143902.0 aENG-141678 a9788196533250c1620.00 aEN-125210 bDBAD a581.954 aFlora of India:bNyctaginaceac-Elaeagnaceac/cEdited by Manas Bhaumik [and] A.A. Mao aKolkatabThe Director, Botanical Survey of Indiac2023 aCGO Complex, 3rd MSO Building, Block - F, 5th & 6th Floor, DF - Block, Sector-1, Salt Lake CitybKolkatae700064 axxx,804p. c25cm.(Hb)bcol,ill vVol-22 aMao, A.A. eEditor971207 aBhaumik, Manas eEditor971323 2ddccENh581.954mFLO c205717d205717 00103VOL-2240718NFICaDBADbDBADd2024-09-09eDelivery of Books Act Divisiong1620.00l0o581.954 FLOpEN-125210r2024-09-09 00:00:00t1v1620.00w2024-09-09yEN